Критический анализ концепций "человеческой агрессивности"

Dades bibliogràfiques
Autor principal: Румянцева Т. Г. Татьяна Герардовна
Idioma:rus
Publicat: Минск, Изд-во Белорусского ГУ, 1982
Matèries:
Format: MixedMaterials Llibre
KOHA link:https://koha.lib.tpu.ru/cgi-bin/koha/opac-detail.pl?biblionumber=20958

MARC

LEADER 00000nam0a2200000 4500
001 20958
005 20231101205406.0
035 |a (RuTPU)RU\TPU\book\21149 
035 |a BOOK00021219 
090 |a 20958 
100 |a 20011209d1982 km y0rusy50 ca 
101 0 |a rus 
102 |a BY 
105 |a y z 000zy 
200 1 |a Критический анализ концепций "человеческой агрессивности"  |f Т. Г. Румянцева 
210 |a Минск  |c Изд-во Белорусского ГУ  |d 1982 
215 |a 128 с. 
606 1 |a Агрессия  |x Психология  |2 stltpush  |3 (RuTPU)RU\TPU\subj\1500  |9 30275 
610 1 |a психология 
610 1 |a философия 
610 1 |a фрейдизм 
610 1 |a агрессивность 
686 |a Ю3(0)6-63в03  |v LBC/SL-A  |2 rubbk 
686 |a Ю935.2  |2 rubbk 
700 1 |a Румянцева  |b Т. Г.  |g Татьяна Герардовна 
801 0 |a RU  |b 63413507  |c 20011209  |g PSBO 
801 2 |a RU  |b 63413507  |c 20220408  |g PSBO 
942 |c BK